00345nam a2200121Ia 4500008004100000041000800041082001400049100001600063245003900079260006200118300003200180365001100212240624s9999 xx 000 0 und d aeng a658.4 SHA aSHAPIRO DAN aHOT SEAT THE STARTUP CEO GUIDEBOOK c2015aNew DelhibShroff Publishers & Distributors Pvt Ltd axvii, : 298 : p. : cm. ; 22 cRSb30